000 00586nam a2200253Ia 4500
003 OSt
005 20221005130128.0
006 a|||||r|||| 00| 0
007 ta
008 221004b |||||||| |||| 00| 0 tam d
024 _a47094
037 _cTextual
040 _aCRL
_cCRL
_btam
041 _2tam
_atam
082 _aL, 31J8
100 _aLakshmi
_971092
245 0 _aRagasiya noigal
260 _c1958
300 _a132p.
_ccm.
650 _a TAMIL LANGUAGE
650 _aMEDICINE
942 _hL, 31J8
_cTEXL
_2cc
999 _c1056189
_d1056189